000 00277nam a22001337a 4500
008 180823b xxu||||| |||| 00| 0 eng d
020 _a0030101328
041 _aeng
080 _a61
100 _a3
101 _aSHM
245 _aMODERN HEALTH
_cOTTO.J.H
942 _2udc
_cBK
999 _c47284
_d47284